000 01124nam a2200217 4500
005 20210818183055.0
008 210818s1995 pe |||fr|||| 001 0 spa d
040 _aCENDOC CAAAP
_bspa
_cCAAAP
041 _aspa
050 _aHA 1068.A5C
_bP45r 1993
245 _aPerú :
_bresultados definitivos de las comunidades indígenas
250 _a1ra ed.
260 _aLima:
_bINEI,
_c1995
300 _a131 p.
500 _aCensos Nacionales 1993. Resumen ejecutivo.
505 _aContiene : : Aspectos generales -- Análisis de los principales resultados censales de las comunidades indígenas --Tabulados de población de las comunidades indígenas -- Características culturales y educativas -- Características de estado civil y religión -- Características de fecundidad y mortalidad --Características económicas --Tomo 3 : Tabulación de vivienda d elas comunidades indígenas --Características de la vivienda -- Características del Hogar --Anexos.
650 1 0 _92329
_aComunidades indígenas
_zPerú
_zAmazonía.
650 2 0 _91407
_aCensos
650 2 0 _9252
_aCondiciones Sociales
942 _2lcc
_b18 - 08 - 21
_cBK
999 _c2240
_d2240